000 00922cam a2200265 a 4500
001 000002791
005 20200929150245.0
008 020505s2000 mx 000 0bspa
010 _a2002407198
020 _a9706920501
040 _aDO-SdBNP
_cDLC
_dDLC
082 _a868.992
_bK918l
100 1 _aKrauze, Ethel,
_d1954-
_98809
245 1 3 _aLo lúdico, lo visceral, en su imaginería :
_bentrevista con Ethel Krauze /
_cSocorro Arce, coordinadora ; Rocio Aceves ... [et al.].
246 3 _aLo ludico, lo visceral, en su imagineria
250 _a1. ed.
260 _aColima, México :
_bUniversidad de Colima,
_c2000.
300 _a111 p. ;
_c21 cm.
440 0 _aVoz de tinta
_98810
600 1 4 _aKRAUZE, ETHEL,
_d1954-
_vENTREVISTAS
_98811
650 0 _aAutores mexicanos
_ySIGLO 21
_vENTREVISTAS
_98812
700 1 _aArce, Socorro.
_98813
700 1 _aAceves, Rocio.
_98814
910 _aCatalogación por copia / LC
999 _c2625
_d2625